US States by Landmark - Statistics

General Stats
  • This quiz has been taken 24 times
  • The average score is 14 of 20
Answer Stats
Landmark City % Correct
Golden Gate Bridge California
100%
Disney World Florida
100%
Statue of Liberty New York
100%
Space Needle Washington
100%
Grand Canyon Arizona
96%
Hoover Dam Nevada
96%
Gateway Arch Missouri
92%
Liberty Bell Pennsylvania
92%
Yellowstone National Park Wyoming
92%
Mount Rushmore South Dakota
88%
Mt. Denali Alaska
79%
Willis Tower Illinois
79%
Rocky Mountain National Park Colorado
71%
Diamond Head Hawaii
54%
Crater Lake Oregon
54%
Cedar Point Ohio
46%
Fort McHenry Maryland
33%
Pictured Rocks Michigan
29%
Carhenge Nebraska
17%
Turner Falls Oklahoma
8%
No matching quizzes found
Score Distribution
Percent of People with Each Score
Percentile by Number Answered
Your Score History
You have not taken this quiz